000 00487nam a2200169Ia 4500
003 GCL
008 140319s9999 xx 000 0 eng d
040 _aGCL /
_cGCL
082 0 4 _a792.0944
_bH T
100 1 _aHEMMINGSE F.W.J
245 1 0 _aTHEATRE AND STATE IN FRANCE 1760 - 1905 /
_cHEMMINGSE F.W.J
260 _a[S.N] :
_bCAMLRIDGE UNIVERSITY PRESS ،
_c1994
300 _a284 P
650 0 4 _aFRANCE - THEATER
650 0 4 _aFRANCE - THEATRE, HISTORY 19TH CENTURY
942 _2ddc
_cBK
999 _c25692
_d25692